The History of the Ancient World / (Record no. 13646)
[ view plain ]
| 000 -LEADER | |
|---|---|
| fixed length control field | 00956cam a2200265 a 4500 |
| 001 - CONTROL NUMBER | |
| JCCL Control Number | 13646 |
| 003 - CONTROL NUMBER IDENTIFIER | |
| JCCL marc code | BD-JhCC |
| 005 - DATE AND TIME OF LATEST TRANSACTION | |
| control field | 20240313122145.0 |
| 008 - FIXED-LENGTH DATA ELEMENTS--GENERAL INFORMATION | |
| fixed length control field | 030110r20071998nyuab b 001 0 eng |
| 020 ## - INTERNATIONAL STANDARD BOOK NUMBER | |
| International Standard Book Number | 9780393070897 |
| 035 ## - SYSTEM CONTROL NUMBER | |
| system control number | (BD-JhCC)13646 |
| 040 ## - CATALOGING SOURCE | |
| Original cataloging agency | DLC |
| Transcribing agency | DLC |
| Modifying agency | DLC |
| 041 ## - LANGUAGE CODE | |
| Language code of Book | english |
| 050 00 - LIBRARY OF CONGRESS CALL NUMBER | |
| Classification number | DA16 |
| Item number | .F47 2003 |
| 082 00 - DEWEY DECIMAL CLASSIFICATION NUMBER | |
| Classification number | 909.0971241 |
| DDC Edition number | 21 |
| Author mark and Year | BAU 2007 |
| 100 1# - MAIN ENTRY--PERSONAL NAME | |
| Personal name | Bauer,Susan Wise |
| 245 10 - TITLE STATEMENT | |
| Title | The History of the Ancient World / |
| Statement of responsibility, etc | Susan Wise Bauer |
| 260 ## - PUBLICATION, DISTRIBUTION, ETC. (IMPRINT) | |
| Place of publication, distribution, etc | New York : |
| Name of publisher, distributor, etc | W. W. Norton & Company, |
| Date of publication, distribution, etc | 2007. |
| 300 ## - PHYSICAL DESCRIPTION | |
| Pagination | 1514 p. : |
| Other physical details | ill. (some col.), col. maps ; |
| Dimensions | 26 cm. |
| 504 ## - BIBLIOGRAPHY, ETC. NOTE | |
| Bibliography, etc | Includes bibliographical references (p. [377]-383) and index. |
| 650 #0 - SUBJECT ADDED ENTRY--TOPICAL TERM | |
| Topical term or geographic name as entry element | Electronic books |
| Geographic subdivision | History |
| 856 42 - ELECTRONIC LOCATION AND ACCESS | |
| Materials specified | Contributor biographical information |
| Uniform Resource Identifier | http://www.loc.gov/catdir/enhancements/fy0832/2003041469-b.html |
| 856 42 - ELECTRONIC LOCATION AND ACCESS | |
| Materials specified | Publisher description |
| Uniform Resource Identifier | http://www.loc.gov/catdir/enhancements/fy0832/2003041469-d.html |
| 942 ## - ADDED ENTRY ELEMENTS (KOHA) | |
| Source of classification or shelving scheme | Dewey Decimal Classification |
| Koha item type | Books |
| Source of classification or shelving scheme | Damaged status | Not for loan | Home library | Current library | Shelving location | Date of accession | Cost, normal purchase price | Total Checkouts | Full call number | Barcode | Date last seen | Copy number | Method of acquisition | Koha item type | Currency |
|---|---|---|---|---|---|---|---|---|---|---|---|---|---|---|---|
| Dewey Decimal Classification | JCC Rouf Library | JCC Rouf Library | General Stacks | 1090.00 | 909.0971241 BAU 2007 | 19103 | 03/13/2024 | C-1 | Purchase | Books | BDT |